Magnetic resonance in food science / (Record no. 67721)
[ view plain ]
| 000 -LEADER | |
|---|---|
| fixed length control field | 01250nam a2200289 a 4500 |
| 001 - CONTROL NUMBER | |
| control field | 67721 |
| 003 - CONTROL NUMBER IDENTIFIER | |
| rucl marc code | BD-RjUL |
| 005 - DATE AND TIME OF LATEST TRANSACTION | |
| control field | 20211209081703.0 |
| 008 - FIXED-LENGTH DATA ELEMENTS--GENERAL INFORMATION | |
| fixed length control field | 170328s1995 enka b 101 0 eng d |
| 020 ## - INTERNATIONAL STANDARD BOOK NUMBER | |
| International Standard Book Number | 0854047255 |
| 035 ## - SYSTEM CONTROL NUMBER | |
| System control number | (BD-RjUL)67930 |
| 040 ## - CATALOGING SOURCE | |
| Original cataloging agency | DXU |
| Transcribing agency | DXU |
| Modifying agency | WAU |
| -- | MYG |
| -- | BD-RjUL |
| Language of cataloging | eng |
| 041 ## - LANGUAGE CODE | |
| Language code of text/sound track or separate title | eng |
| 082 ## - DEWEY DECIMAL CLASSIFICATION NUMBER | |
| Edition number | 23 |
| Classification number | 664.07 |
| Author mark and year | MAG 1995 |
| 245 00 - TITLE STATEMENT | |
| Title | Magnetic resonance in food science / |
| Statement of responsibility, etc. | edited by P.S. Belton ... [et al]. |
| 260 ## - PUBLICATION, DISTRIBUTION, ETC. (IMPRINT) | |
| Place of publication, distribution, etc. | Cambridge, UK : |
| Name of publisher, distributor, etc. | Royal Society of Chemistry, |
| Date of publication, distribution, etc. | c1995. |
| 300 ## - PHYSICAL DESCRIPTION | |
| Pagination | ix, 292 p. : |
| Illustrations | ill. ; |
| Size | 23 cm. |
| 490 1# - SERIES STATEMENT | |
| Series statement | Special publication ; |
| Volume/sequential designation | no. 157 |
| 500 ## - GENERAL NOTE | |
| General note | Proceedings of the Second International Conference on Applications of Magnetic Resonance in Food Science, University of Aveiro, Portugal, 19-21 September, 1994. |
| 504 ## - BIBLIOGRAPHY, ETC. NOTE | |
| Bibliography, etc | Includes bibliographical references and index. |
| 650 #0 - SUBJECT ADDED ENTRY--TOPICAL TERM | |
| Topical term or geographic name as entry element | Food |
| General subdivision | Analysis |
| Form subdivision | Congresses. |
| 9 (RLIN) | 200766 |
| Topical term or geographic name as entry element | Magnetic resonance imaging |
| Form subdivision | Congresses. |
| 9 (RLIN) | 200767 |
| 700 1# - ADDED ENTRY--PERSONAL NAME | |
| Personal name | Belton, P. S. |
| 711 2# - ADDED ENTRY--MEETING NAME | |
| Meeting name or jurisdiction name as entry element | International Conference on Applications of Magnetic Resonance in Food Science |
| Number of part/section/meeting | (2nd : |
| Date of meeting | 1994 : |
| Location of meeting | University of Aveiro) |
| 9 (RLIN) | 200769 |
| 830 #0 - SERIES ADDED ENTRY--UNIFORM TITLE | |
| Uniform title | Special publication (Royal Society of Chemistry (Great Britain)) ; |
| Volume number/sequential designation | no. 157. |
| 942 ## - ADDED ENTRY ELEMENTS (KOHA) | |
| Source of classification or shelving scheme | Dewey Decimal Classification |
| Koha item type | Books |
| Lost status | Source of classification or shelving scheme | Damaged status | Not for loan | Collection code | Permanent Location | Current Location | Shelving location | Date acquired | Source of acquisition | Cost, normal purchase price | Total Checkouts | Full call number | Date last seen | Copy number | Koha item type |
|---|---|---|---|---|---|---|---|---|---|---|---|---|---|---|---|
| Dewey Decimal Classification | Not For Loan | Non-fiction | Central Library, University of Rajshahi | Central Library, University of Rajshahi | Reading Room | 03/05/2008 | Paragon Enterprise, Dhaka. | 59.50 | 664.07 MAG 1995 | 28/03/2017 | C-1 | Books |